000 010820000a22002530004500
003 EG-GICUC
005 20250223030132.0
008 091111s1970 ua f m 000 0 ara d
040 _aEG-GiCUC
_bara
_cEG-GiCUC
041 0 _aara
049 _aايداع
097 _aماجستير
099 _aCai01.06.03.M.Sc.1970.حس.ق
100 0 _aحسن عبدالسميع محسن
245 1 2 _aالقصص الشعرية فى الادب المصرى الحديث :
_bنشأتها وتطورها ودراستها الفنية حتى سنة 1945م /
_cحسن عبدالسميع محسن ؛ اشراف احمد محمد الحوفى
260 _aالقاهرة :
_bحسن عبدالسميع محسن :
_c1970
300 _a415ورقة ؛
_c30سم
502 _aاطروحة(ماجستير) - جامعة القاهرة - كلية دار العلوم - قسم الدراسات الادبية
700 0 _aاحمد محمد الحوفى :
_eمشرف
856 _uhttp://172.23.153.220/th.pdf
905 _aEnas
_eCataloger
905 _aMustafa
_eRevisor
942 _2ddc
_cTH
999 _c28284
_d28284